Advances in horticulture : (Record no. 143)
[ view plain ]
| 000 -LEADER | |
|---|---|
| fixed length control field | 00951nam a22002177a 4500 |
| 001 - CONTROL NUMBER | |
| control field | BD-DhSAU 143 |
| 003 - CONTROL NUMBER IDENTIFIER | |
| control field | BD-DhSAU |
| 005 - DATE AND TIME OF LATEST TRANSACTION | |
| control field | 20140609110007.0 |
| 008 - FIXED-LENGTH DATA ELEMENTS--GENERAL INFORMATION | |
| fixed length control field | 140121b ii a|||| |||| 001 0 eng d |
| 020 ## - INTERNATIONAL STANDARD BOOK NUMBER | |
| International Standard Book Number | 8176295264 |
| 040 ## - CATALOGING SOURCE | |
| Transcribing agency | BD-DhSAU |
| 082 ## - DEWEY DECIMAL CLASSIFICATION NUMBER | |
| Edition number | 22 |
| Classification number | 635 / ADV |
| 245 ## - TITLE STATEMENT | |
| Title | Advances in horticulture : |
| Remainder of title | Stratigic, production, plant protection, value addition / |
| Statement of responsibility, etc. | Edited by V. K. Sharma [Editor] |
| 260 ## - PUBLICATION, DISTRIBUTION, ETC. (IMPRINT) | |
| Place of publication, distribution, etc. | New Delhi, India : |
| Name of publisher, distributor, etc. | Deep And Deep Publications Pvt. Ltd. , |
| Date of publication, distribution, etc. | c2004. |
| 300 ## - PHYSICAL DESCRIPTION | |
| Extent | xiv, 362 p. : |
| Other physical details | ill. ; |
| Dimensions | 25 cm. |
| 504 ## - BIBLIOGRAPHY, ETC. NOTE | |
| Bibliography, etc | Includes bibliographical references and index. |
| 650 ## - SUBJECT ADDED ENTRY--TOPICAL TERM | |
| Topical term or geographic name as entry element | Horticulture |
| 700 ## - ADDED ENTRY--PERSONAL NAME | |
| Personal name | Sharma, V. K. |
| 856 ## - ELECTRONIC LOCATION AND ACCESS | |
| Uniform Resource Identifier | <a href="http://books.google.com.bd/books?id=q6SaX8KgBZUC&dq=8176295264&hl=en&sa=X&ei=3z3eUsWnF8TDrAev2IDwBA&ved=0CC0Q6AEwAA">http://books.google.com.bd/books?id=q6SaX8KgBZUC&dq=8176295264&hl=en&sa=X&ei=3z3eUsWnF8TDrAev2IDwBA&ved=0CC0Q6AEwAA</a> |
| 856 ## - ELECTRONIC LOCATION AND ACCESS | |
| Uniform Resource Identifier | <a href="http://www.amazon.com/s/ref=nb_sb_noss?url=search-alias%3Dstripbooks&field-keywords=8176295264&rh=n%3A283155%2Ck%3A8176295264">http://www.amazon.com/s/ref=nb_sb_noss?url=search-alias%3Dstripbooks&field-keywords=8176295264&rh=n%3A283155%2Ck%3A8176295264</a> |
| 942 ## - ADDED ENTRY ELEMENTS (KOHA) | |
| Source of classification or shelving scheme | Dewey Decimal Classification |
| Koha item type | Book |
| Withdrawn status | Lost status | Source of classification or shelving scheme | Damaged status | Not for loan | Home library | Branch Name | Date acquired | Total Checkouts | Full call number | Barcode | Date last seen | Price effective from | Koha item type | Collection code | Shelving location |
|---|---|---|---|---|---|---|---|---|---|---|---|---|---|---|---|
| Dewey Decimal Classification | SAU Library | SAU Library | 09/08/2009 | 635 / ADV | 35240 | 21/01/2014 | 21/01/2014 | Book | |||||||
| Dewey Decimal Classification | Not For Loan | SAU Library | SAU Library | 09/08/2009 | 635 / ADV | 35238 | 16/04/2015 | 16/04/2015 | Book | Reference | Reference | ||||
| Dewey Decimal Classification | SAU Library | SAU Library | 09/08/2009 | 635 / ADV | 35239 | 14/06/2015 | Book | General Stacks |
